| 000 | 01823nam a2200301 i 4500 | ||
|---|---|---|---|
| 003 | DO-SdBNP | ||
| 005 | 20250702125720.0 | ||
| 007 | ta | ||
| 008 | 250529b2024 dr ac||| |||| 00| 0 spa d | ||
| 020 | _a9789945947625 | ||
| 040 |
_aDO-SdBNP _bspa _cBNPHU _erda |
||
| 041 | _aspa | ||
| 082 | 4 |
_axxx _bR426m _222 |
|
| 110 | 1 |
_aRepública Dominicana. _bMinisterio de la Presidencia _988229 |
|
| 245 | 1 | 0 |
_aManual de capacitación y sensibilización en género / _cco-autoras, Berenice Pacheco-Salazar, Carmen Luisa Figueiras ; diseño editorial, Hermis Rodríguez Botier. |
| 264 | 1 |
_aSanto Domingo : _bEditorial DiEditores, _bPresidencia de la República Dominicana. Supérate ; KOICA República Dominicana ; GDC Consulting, _bCentro de Estudio de Género (CEG-INTEC), _c2024. |
|
| 300 |
_a96 páginas : _bilustraciones, retratos ; _c28 cm. |
||
| 336 |
_atexto _btxt _2rdacontent |
||
| 337 |
_asin mediación _bn _2rdamedia |
||
| 338 |
_avolumen _bnc _2rdacarrier |
||
| 505 | _aAgradecimientos 5 -- Introducción 7 -- Presentación de proyecto 8 -- Consultoría de gestión de proyecto 8 -- Objetivos de la guía 9 -- Recomendaciones metodológicas 10 -- Enfoque participativo 10 -- Fomento del respeto y empatía 10 -- Adaptabilidad a los contextos 10 -- Flexibilidad en el aprendizaje 10 -- Fomento de la acción comunitaria 10 -- Módulo 1. Principios de género 12 -- Módulo 2. Derecho humanos 33 -- Módulo 3. Violencia de género 43 -- Módulo 4. Resolución de conflictos 66 -- Módulo 5. Empoderamiento económico de las mujeres 77 -- Bibliografía 93 | ||
| 590 | _aInventariado, 2025/BT | ||
| 700 | 1 |
_aPacheco-Salazar, Berenice, _ecoautoras _4coa |
|
| 700 | 1 |
_aFigueiras, Carmen Luisa, _ecoautoras _4coa _964510 |
|
| 700 | 1 |
_aRodríguez Botier, Hermis, _eeditor _4ed. _984160 |
|
| 910 | _aBtavárez | ||
| 942 |
_2ddc _cLBS1 |
||
| 999 |
_c58534 _d58534 |
||